Para leer la Divina Comedia
Gorde:
| Egile nagusia: | |
|---|---|
| Formatua: | Liburua |
| Hizkuntza: | gaztelania |
| Argitaratua: |
Santiago
Biblioteca Americana
2003
Santiago Universidad Andrés Bello 2003 |
| Gaiak: | |
| Etiketak: |
Etiketa erantsi
Etiketarik gabe, Izan zaitez lehena erregistro honi etiketa jartzen!
|
MARC
| LEADER | 00000nam a2200000 a 4500 | ||
|---|---|---|---|
| 001 | UCL4569 | ||
| 003 | CL-VaPUC | ||
| 005 | 20230120112552.0 | ||
| 008 | 040116e20030000cl |||||||||||||||||spa|d | ||
| 999 | |c 307391 |d 307389 | ||
| 020 | |a 9567247382 | ||
| 040 | |c Pontificia Universidad Católica de Valparaíso | ||
| 082 | 0 | 4 | |a 851.9 |b BAR |2 21 |
| 100 | 0 | |a Barceló, Joaquín |e author |9 482155 | |
| 245 | 1 | 0 | |a Para leer la Divina Comedia |
| 260 | |a Santiago |b Biblioteca Americana |c 2003 | ||
| 260 | |a Santiago |b Universidad Andrés Bello |c 2003 | ||
| 300 | |a 344 p | ||
| 583 | |a last modification |c 20171005 11:12:41 |k Rodrigo Vera | ||
| 600 | |a Alighieri, Dante |d 1265-1321 |x Crítica e interpretación |9 880013 | ||
| 650 | 7 | |a POESIA EPICA ITALIANA |2 CL-VaPUC |9 482156 | |
| 942 | |c BK |2 ddc | ||
| 945 | |d 20040116 00:00:00 |a cmena | ||
| 952 | |0 0 |1 0 |4 0 |6 851_900000000000000_BAR_2003_2003 |7 0 |8 A |9 373322 |a BIBART |b BIBART |d 2019-11-21 |i 3978117 |l 2 |o 851.9 BAR 2003 2003 |p 3978117 |r 2025-03-13 |s 2024-10-24 |w 2019-11-21 |y BK |k ART | ||